| 000 | 00970nam a22002657a 4500 | ||
|---|---|---|---|
| 008 | 081212t xxu||||| |||| 00| 0beng d | ||
| 010 | _aENG-98454 | ||
| 020 |
_c95.00 _a8185378355 |
||
| 035 | _aEN-81987 | ||
| 037 | _bDBAD / PUB | ||
| 040 |
_adpl _bEnglish |
||
| 082 | _a230.4 | ||
| 100 |
_93724 _aRajan, N.N. |
||
| 245 |
_aMore talks with Sri Ramana Maharshi: _cby N.N.Rajan ;edited by A.R. Natarajan _bleaves from the diary / |
||
| 250 | _a3rd ed. | ||
| 260 |
_aBangalore _bRamana maharshi Centre For Learning _c2006 |
||
| 270 |
_aPost Office Road, Sanjay Nagar, _bBangalore _e560094 |
||
| 300 |
_aix, 182p. _c22cm (pbk) |
||
| 500 | _aIncludes index | ||
| 600 |
_aBaba Visakha Singh _xBiography. _93725 |
||
| 650 | _97051 | ||
| 700 |
_96162 _aNatarajan, A.R. |
||
| 942 |
_2ddc _cEN _mRAJ _h230.4 |
||
| 999 |
_c39541 _d39541 |
||